Learning TensorFlow. (Record no. 8833)

MARC details
000 -LEADER
fixed length control field 00732nam a22002657a 4500
001 - CONTROL NUMBER
control field WIIW0000178
003 - CONTROL NUMBER IDENTIFIER
control field OSt
005 - DATE AND TIME OF LATEST TRANSACTION
control field 20190802144232.0
006 - FIXED-LENGTH DATA ELEMENTS--ADDITIONAL MATERIAL CHARACTERISTICS
fixed length control field a|||||q|||||00| 0
008 - FIXED-LENGTH DATA ELEMENTS--GENERAL INFORMATION
fixed length control field 190802t2017 |||||q|||||00| 0 eng d
020 ## - INTERNATIONAL STANDARD BOOK NUMBER
International Standard Book Number 978-1-4919-7850-4
020 ## - INTERNATIONAL STANDARD BOOK NUMBER
International Standard Book Number 978-1-4919-7851-1 (print)
040 ## - CATALOGING SOURCE
Transcribing agency OSt
041 ## - LANGUAGE CODE
Language code of text/sound track or separate title eng
100 1# - MAIN ENTRY--PERSONAL NAME
Personal name Hope, Tom
Relator code aut
245 10 - TITLE STATEMENT
Title Learning TensorFlow.
Remainder of title A guide to building deep learning systems
260 #1 - PUBLICATION, DISTRIBUTION, ETC.
Place of publication, distribution, etc. Sebastopol, California
Name of publisher, distributor, etc. O'Reilly Media
Date of publication, distribution, etc. 2017
300 ## - PHYSICAL DESCRIPTION
Extent 242 S
650 ## - SUBJECT ADDED ENTRY--TOPICAL TERM
Topical term or geographic name entry element Data Analyses & Machine Learning
650 #0 - SUBJECT ADDED ENTRY--TOPICAL TERM
Topical term or geographic name entry element Machine learning
650 #0 - SUBJECT ADDED ENTRY--TOPICAL TERM
Topical term or geographic name entry element Artificial intelligence
700 1# - ADDED ENTRY--PERSONAL NAME
Personal name Resheff, Yehezkel S.
Relator code aut
700 1# - ADDED ENTRY--PERSONAL NAME
Personal name Lieder, Itay
Relator code aut
942 ## - ADDED ENTRY ELEMENTS (KOHA)
Koha item type E-Book
Holdings
Withdrawn status Lost status Damaged status Not for loan Home library Current library Shelving location Date acquired Total Checkouts Date last seen Price effective from Koha item type
        WIIW WIIW Electronic Resources 08/02/2019   08/02/2019 08/02/2019 E-Book
The Vienna Instiute for International Economic Studies (wiiw)